पूंजीवाद और सूचना का युग (Record no. 1011431)

MARC details
000 -LEADER
fixed length control field 01236nam a2200253Ia 4500
003 - CONTROL NUMBER IDENTIFIER
control field OSt
005 - DATE AND TIME OF LATEST TRANSACTION
control field 20221005103959.0
008 - FIXED-LENGTH DATA ELEMENTS--GENERAL INFORMATION
fixed length control field 221004b |||||||| |||| 00| 0 hin d
020 ## - INTERNATIONAL STANDARD BOOK NUMBER
International Standard Book Number 8179170624 (hbk)
037 ## - SOURCE OF ACQUISITION
Terms of availability Textual
040 ## - CATALOGING SOURCE
Original cataloging agency CRL
Transcribing agency CRL
Language of cataloging hin
041 ## - LANGUAGE CODE
Source of code hin
Language code of text/sound track or separate title hin
100 ## - MAIN ENTRY--PERSONAL NAME
Personal name मैक्चेस्नी, रॉबर्ट डब्ल्यू., और अन्य, संपा.
9 (RLIN) 623732
245 #0 - TITLE STATEMENT
Title पूंजीवाद और सूचना का युग
Remainder of title भूमंडलीय संचार क्रांति की राजनीतिक अर्थव्यवस्था
246 ## - VARYING FORM OF TITLE
Title proper/short title Pūanjīvād aur sūchanā kā yuga: bhūmanḍalīya sanchār krāanti kī rājanītik arthavyavasthā
260 ## - PUBLICATION, DISTRIBUTION, ETC.
Place of publication, distribution, etc. दिल्ली
Name of publisher, distributor, etc. ग्रंथ शिल्पी भारत
Date of publication, distribution, etc. 2006
300 ## - PHYSICAL DESCRIPTION
Extent 265पृ0
Dimensions cm.
942 ## - ADDED ENTRY ELEMENTS (KOHA)
Classification part X:3260a4, P6
Koha item type Textual
Source of classification or shelving scheme
Holdings
Withdrawn status Lost status Damaged status Not for loan Home library Current library Date acquired Source of acquisition Cost, normal purchase price Total Checkouts Full call number Barcode Date last seen Cost, replacement price Price effective from Koha item type
        Central Library Central Library 2022-10-05 372, 04/03/2010, Swaraj Prakashan 450.00   X:3260a4 P6 CL1452031 2022-10-05 450.00 2022-10-05 Textual
Copyright @ Delhi University Library System